| 000 | 00545nam a2200193Ia 4500 | ||
|---|---|---|---|
| 003 | GCL | ||
| 008 | 140319s9999 xx 000 0 ara d | ||
| 040 |
_aGCL / _cGCL |
||
| 082 | 0 | 4 |
_a355.027 _bت ح |
| 100 | 1 | _aمحمد انيس (مراجع) | |
| 245 | 1 | 0 |
_aالحرب والمدينة / _cمحمد انيس (مراجع) |
| 700 | 1 | _aاحمد محمود سليمان | |
| 700 | 1 | _aتويسنبى، ارنولد | |
| 300 | _a200 | ||
| 490 |
_aالالف كتاب _v0 |
||
| 650 | 0 | 4 | _aالاسلحة |
| 650 | 0 | 4 | _aالحرب |
| 942 |
_2ddc _cBK |
||
| 999 |
_c66715 _d66715 |
||